01110cam a22003135i 4500999001700000001000900017003000900026005001700035008004100052020003200093020001800125040003800143043001200181082002000193100003400213245003500247264003200282300002300314336002600337337002800363338002700391500002600418650006100444650006100505651003200566653002600598942001200624952016000636 c10803d1080312200243EG-ScBUE20210110104251.0001012s2001 enk g 000 1 eng d a0399147195 (acidfree paper) a9780330371964 aDLCbengerdacDLCdDLCdEG-ScBUE an-us-ca04a813.54bGRA2221 aGrafton, Sue,eauthor.93457010aP is for peril /cSue Grafton. 1aLondon :bPAN Books,c2001. a383 pages ;c24 cm atextbtxt2rdacontent aunmediatedbn2rdamedia avolumebnc2rdacarrier a"A Marian Wood book." 7aMillhone, Kinsey (Fictitious character)vFiction.2BUEsh 7aWomen private investigatorszCaliforniavFiction.2BUEsh 7aCaliforniavFiction.2BUEsh bHHUUEENNcJanuary2021 2ddccBB 00102ddc40708AlahramaMAINbMAINc2NDd2009-02-11epurchaseg62.00h06491l5m1o813.54 GRAp000014647r2025-07-15 00:00:00s2010-11-11w2009-02-11yBB